000
00287nam a22001337a 4500
082
_a
823
_b
SCO/N
100
_a
SCOTT, A F
100
_a
AGGARWAL N K
245
_a
NEW HORIZONS BOOK A
260
_a
MADRAS
_b
MACMILLAN
_c
1968
300
_a
47
650
_a
ENGLISH STORY
_z
INDIA
942
_c
BK
999
_c
7628
_d
7628